[Event "Noisiel 5th op"]
[Site "Noisiel"]
[Date "2020.02.15"]
[Round "1"]
[White "Azymah, Remy"]
[Black "Shailesh, Dravid"]
[Result "0-1"]
[WhiteElo "1932"]
[BlackElo "2269"]
[PlyCount "52"]
[EventDate "2020.02.15"]
[EventType "swiss"]
[EventRounds "9"]
[EventCountry "FRA"]

1. e4 c5 2. Nf3 d6 3. d4 cxd4 4. Nxd4 Nf6 5. Nc3 Nc6 6. Bc4 Qb6 7. Nb3 e6 8.
Be3 Qc7 9. Bd3 a6 10. f4 Be7 11. Qf3 b5 12. O-O Bb7 13. Rae1 O-O 14. Nd2 Nb4
15. a3 Nxd3 16. cxd3 d5 17. Qh3 dxe4 18. dxe4 Bxa3 19. e5 Bxb2 20. exf6 Bxc3
21. fxg7 Rfd8 22. Rc1 Rd3 23. Nb1 b4 24. Nxc3 bxc3 25. Rce1 c2 26. f5 exf5 0-1

[Event "Noisiel 5th op"]
[Site "Noisiel"]
[Date "2020.02.15"]
[Round "1"]
[White "Degardin, Sylvain"]
[Black "Yuan, Beline"]
[Result "1-0"]
[WhiteElo "2259"]
[BlackElo "1923"]
[PlyCount "131"]
[EventDate "2020.02.15"]
[EventType "swiss"]
[EventRounds "9"]
[EventCountry "FRA"]

1. e4 e6 2. d4 d5 3. exd5 exd5 4. Nf3 Bd6 5. c4 c6 6. Nc3 Ne7 7. h3 O-O 8. Bd3
Nd7 9. O-O dxc4 10. Bxc4 Nb6 11. Bb3 Nbd5 12. Bg5 f6 13. Bd2 Kh8 14. Re1 Nf4
15. Ne4 Bc7 16. Bb4 a5 17. Ba3 Re8 18. Neg5 fxg5 19. Nxg5 Rf8 20. Bxe7 Qe8 21.
Bxf8 Qxf8 22. Nf7+ Kg8 23. Re8 Qxe8 24. Nd6+ Qe6 25. Bxe6+ Bxe6 26. Ne4 Bd5 27.
f3 Re8 28. Qd2 Re6 29. Nc3 Bc4 30. Re1 Rg6 31. Kh1 Rxg2 32. Qxg2 Nxg2 33. Kxg2
Kf7 34. b3 Be6 35. Ne4 h6 36. Nc5 Bc8 37. h4 Bd6 38. h5 Bc7 39. Nd3 Bf5 40.
Ne5+ Kf6 41. f4 Bb6 42. Rd1 Ke6 43. Kg3 Bc7 44. Nc4 Be4 45. Ne3 Bb6 46. Kg4 Kf6
47. f5 Bc7 48. d5 cxd5 49. Nxd5+ Bxd5 50. Rxd5 b6 51. Rd2 Be5 52. Rc2 Bd4 53.
Kf4 Bc5 54. Rg2 Bd4 55. Ke4 Bc5 56. Rg6+ Kf7 57. f6 gxf6 58. Kf5 Be3 59. Rxf6+
Kg7 60. Rc6 Kh7 61. Rc7+ Kg8 62. Kg6 Kf8 63. Rh7 Kg8 64. Re7 Bc5 65. Re8+ Bf8
66. a4 1-0

[Event "Noisiel 5th op"]
[Site "Noisiel"]
[Date "2020.02.15"]
[Round "1"]
[White "Olivier, Philippe"]
[Black "Bassini, Emile"]
[Result "0-1"]
[WhiteElo "1919"]
[BlackElo "2244"]
[PlyCount "110"]
[EventDate "2020.02.15"]
[EventType "swiss"]
[EventRounds "9"]
[EventCountry "FRA"]

1. e4 c5 2. Nf3 d6 3. Bb5+ Nd7 4. d4 Ngf6 5. Nc3 cxd4 6. Qxd4 a6 7. Bxd7+ Bxd7
8. Bg5 e6 9. O-O-O Be7 10. e5 dxe5 11. Nxe5 Bc6 12. Nxc6 bxc6 13. Bxf6 Bxf6 14.
Qxd8+ Rxd8 15. Ne4 Be7 16. Rxd8+ Kxd8 17. Re1 h5 18. c3 h4 19. Kc2 Rh5 20. Nd2
Kc7 21. Re2 Rf5 22. h3 Rg5 23. f3 Ra5 24. a3 Rg5 25. Nc4 Bd6 26. a4 Bf4 27. Kb3
Rd5 28. Kc2 Kd8 29. Re4 e5 30. Re1 Kc7 31. Rd1 f5 32. b3 g6 33. Re1 Kd8 34. Rd1
Kc7 35. Re1 Bg3 36. Rd1 e4 37. fxe4 fxe4 38. Ne3 Rg5 39. Ng4 Rf5 40. Rd4 Rf4
41. Kd2 Bf2 42. Rc4 Kd6 43. Ne3 Bg1 44. Ng4 e3+ 45. Nxe3 Bxe3+ 46. Kxe3 Rxc4
47. bxc4 Kc5 48. Kd3 a5 49. Kd2 Kxc4 50. Kc2 c5 51. Kd2 Kb3 52. Kd3 c4+ 53. Kd4
g5 54. Ke4 Kxc3 55. Kf5 Kd4 0-1

[Event "Noisiel 5th op"]
[Site "Noisiel"]
[Date "2020.02.15"]
[Round "1"]
[White "Moreby, James"]
[Black "Brehaut, Carl"]
[Result "1-0"]
[WhiteElo "2235"]
[BlackElo "1918"]
[PlyCount "63"]
[EventDate "2020.02.15"]
[EventType "swiss"]
[EventRounds "9"]
[EventCountry "FRA"]

1. c4 Nf6 2. Nc3 e6 3. e4 d6 4. d4 Nbd7 5. Nf3 e5 6. Be2 c6 7. O-O Qc7 8. h3 g6
9. Be3 exd4 10. Qxd4 Ne5 11. Rfd1 Be6 12. c5 Rd8 13. Bf4 Bg7 14. cxd6 Nxf3+ 15.
Bxf3 Qd7 16. Be5 c5 17. Qxc5 O-O 18. Qd4 Ne8 19. Bxg7 Nxg7 20. Qxa7 Ra8 21. Qb6
Ra6 22. Qb4 Rc8 23. e5 b6 24. Ne4 Ne8 25. Nf6+ Nxf6 26. exf6 Ra4 27. Qd2 Rh4
28. Qg5 Rcc4 29. Bg4 Rhxg4 30. Qh6 Rxg2+ 31. Kxg2 Qc6+ 32. Kg1 1-0

[Event "Noisiel 5th op"]
[Site "Noisiel"]
[Date "2020.02.15"]
[Round "1"]
[White "Noblecourt, Nicolas"]
[Black "Gavasheli, Ana"]
[Result "1-0"]
[WhiteElo "1918"]
[BlackElo "2232"]
[PlyCount "85"]
[EventDate "2020.02.15"]
[EventType "swiss"]
[EventRounds "9"]
[EventCountry "FRA"]

1. Nf3 d5 2. g3 g6 3. Bg2 Bg7 4. d4 c5 5. c3 Nf6 6. O-O O-O 7. Bf4 Nc6 8. Nbd2
Nd7 9. e4 dxe4 10. Nxe4 cxd4 11. cxd4 Nb6 12. Nc5 Nd5 13. Bc1 Qd6 14. Ne4 Qc7
15. Nc3 Nxc3 16. bxc3 Na5 17. Bd2 Rd8 18. Re1 Nc4 19. Bf4 Nd6 20. Qe2 Qxc3 21.
Qxe7 Be6 22. Bxd6 Rd7 23. Bb4 Qb2 24. Ba3 Qb6 25. Qc5 Qd8 26. Rac1 Bxa2 27. Bb2
Bf8 28. Qc3 a5 29. Ne5 Bb4 30. Qc2 Bxe1 31. Nxd7 Bb4 32. Nc5 Qb6 33. Bc3 Bxc3
34. Qxc3 Re8 35. Nxb7 Re2 36. Nc5 a4 37. Nxa4 Qf6 38. Qf3 Qe7 39. Bf1 Rd2 40.
Qe3 Qb4 41. Nc3 Qb2 42. Nxa2 Qxa2 43. Qh6 1-0

[Event "Noisiel 5th op"]
[Site "Noisiel"]
[Date "2020.02.15"]
[Round "1"]
[White "Mohite, Ranveer"]
[Black "Delmas Goyon, Francois"]
[Result "1-0"]
[WhiteElo "2231"]
[BlackElo "1902"]
[PlyCount "87"]
[EventDate "2020.02.15"]
[EventType "swiss"]
[EventRounds "9"]
[EventCountry "FRA"]

1. e4 c5 2. Nf3 e6 3. d4 cxd4 4. Nxd4 Nc6 5. Nc3 Qc7 6. Be3 a6 7. Qd2 Nf6 8.
O-O-O Bb4 9. f3 d5 10. a3 Bxc3 11. Qxc3 O-O 12. e5 Nd7 13. f4 Re8 14. Bd3 Qa5
15. b4 Qa4 16. Qb3 Qxb3 17. Nxb3 b6 18. Rhe1 Bb7 19. Kb2 Red8 20. g3 Rac8 21.
c3 a5 22. Bb5 axb4 23. cxb4 Ncb8 24. Be2 Na6 25. Rc1 Kf8 26. Nd4 Nc7 27. Rc2
Ne8 28. Rec1 Rxc2+ 29. Rxc2 Rb8 30. Bb5 Ke7 31. Nc6+ Bxc6 32. Rxc6 Kd8 33. a4
Nc7 34. Bd3 g6 35. Bd4 Rb7 36. Ka3 Na8 37. Ba6 Rc7 38. Bb5 Ra7 39. Rd6 Ke7 40.
a5 f6 41. Rxd7+ Rxd7 42. Bxd7 Nc7 43. Bc6 bxa5 44. bxa5 1-0

[Event "Noisiel 5th op"]
[Site "Noisiel"]
[Date "2020.02.15"]
[Round "1"]
[White "Dorval, Olivier"]
[Black "Jeet, Jain"]
[Result "0-1"]
[WhiteElo "1883"]
[BlackElo "2223"]
[PlyCount "100"]
[EventDate "2020.02.15"]
[EventType "swiss"]
[EventRounds "9"]
[EventCountry "FRA"]

1. d4 d5 2. Bf4 Nf6 3. e3 e6 4. Nd2 c5 5. c3 Nc6 6. Ngf3 Bd6 7. Bg3 O-O 8. Bd3
b6 9. Qe2 Bb7 10. Rd1 Re8 11. Ne5 Ne7 12. Qf3 Ng6 13. Bxg6 hxg6 14. Bh4 Rf8 15.
Bg5 Be7 16. h4 Nd7 17. Bxe7 Qxe7 18. Qg3 Nxe5 19. Qxe5 f6 20. Qg3 Kf7 21. f4
Rh8 22. Rh2 Ba6 23. Nf3 Qd7 24. Rh1 Rac8 25. Qh3 cxd4 26. exd4 Qc7 27. Rd2 Bc4
28. a3 a5 29. Qg4 Rh5 30. Qh3 Rh6 31. Rf2 Re8 32. Qg4 Kg8 33. g3 b5 34. h5 Bd3
35. Nd2 b4 36. Rfh2 bxc3 37. bxc3 Qxc3 38. hxg6 Rxg6 39. Rh8+ Kf7 40. Qf3 Rxh8
41. Rxh8 Qxd4 42. Ra8 Rh6 43. Rxa5 Qa1+ 44. Kf2 Rh2+ 45. Ke3 d4+ 46. Kxd3 Qc3+
47. Ke4 f5+ 48. Ke5 Qc7+ 49. Kxd4 Rxd2+ 50. Ke3 Qc3# 0-1

[Event "Noisiel 5th op"]
[Site "Noisiel"]
[Date "2020.02.15"]
[Round "1"]
[White "Roebers, Jan"]
[Black "Deodhar, Vrushali Umesh"]
[Result "1-0"]
[WhiteElo "2188"]
[BlackElo "1880"]
[PlyCount "87"]
[EventDate "2020.02.15"]
[EventType "swiss"]
[EventRounds "9"]
[EventCountry "FRA"]

1. e4 e6 2. d4 d5 3. Nc3 Bb4 4. e5 c5 5. a3 Bxc3+ 6. bxc3 Qc7 7. Nf3 Ne7 8. a4
Nbc6 9. Ba3 cxd4 10. cxd4 Nf5 11. Bb5 Bd7 12. O-O h5 13. Qd2 Rc8 14. Rfd1 Nce7
15. Bd3 Bc6 16. Qg5 Qd7 17. Bc5 Bxa4 18. Nh4 Nxh4 19. Rxa4 Rxc5 20. Rxa7 Rc8
21. Qxh4 Nc6 22. Bb5 Qc7 23. Ra3 Kf8 24. Bxc6 Qxc6 25. c3 Qb5 26. Rda1 Qb2 27.
h3 Rh6 28. Qg3 Rg6 29. Qf3 Ke7 30. Kh2 Rg5 31. R1a2 Qc1 32. Rb3 Rc7 33. Rab2
Rf5 34. Qg3 g5 35. Rxb7 Kd7 36. f3 Qxc3 37. Rxc7+ Qxc7 38. Qe1 Ke8 39. Qb1 Kf8
40. Rb8+ Kg7 41. Qb4 Rxe5 42. dxe5 Qxe5+ 43. Kh1 d4 44. Rd8 1-0

[Event "Noisiel 5th op"]
[Site "Noisiel"]
[Date "2020.02.16"]
[Round "2"]
[White "Moussard, Jules"]
[Black "Bagheri, Amir"]
[Result "1-0"]
[WhiteElo "2608"]
[BlackElo "2361"]
[PlyCount "77"]
[EventDate "2020.02.15"]
[EventType "swiss"]
[EventRounds "9"]
[EventCountry "FRA"]

1. e4 c6 2. Nc3 d5 3. Nf3 dxe4 4. Nxe4 Nf6 5. Qe2 Nxe4 6. Qxe4 Qa5 7. Qf4 Qf5
8. Qe3 Qe6 9. b3 Qxe3+ 10. fxe3 f6 11. d4 Bf5 12. Kd2 Nd7 13. Bd3 Bxd3 14. Kxd3
O-O-O 15. e4 e5 16. c3 Bd6 17. Bb2 Rhe8 18. Rae1 exd4 19. cxd4 Bb4 20. Re2 Ne5+
21. Ke3 Nxf3 22. gxf3 Rd7 23. Rc1 Rdd8 24. Bc3 Bxc3 25. Rxc3 Rd5 26. b4 Kd7 27.
Rb2 Rh5 28. a4 a6 29. Rc5 Rd5 30. Rg2 g6 31. a5 Rd6 32. h4 Ke6 33. h5 g5 34.
Rf5 Red8 35. Rd2 h6 36. f4 Ke7 37. fxg5 fxg5 38. Rdf2 Rxd4 39. Re5+ 1-0

[Event "Noisiel 5th op"]
[Site "Noisiel"]
[Date "2020.02.16"]
[Round "2"]
[White "Ivanov, Mikhail M"]
[Black "Solodovnichenko, Yuri"]
[Result "1/2-1/2"]
[WhiteElo "2353"]
[BlackElo "2567"]
[PlyCount "57"]
[EventDate "2020.02.15"]
[EventType "swiss"]
[EventRounds "9"]
[EventCountry "FRA"]

1. d4 g6 2. Nf3 Bg7 3. e4 d6 4. c3 Nf6 5. Bd3 O-O 6. O-O Nc6 7. Bg5 h6 8. Be3
e5 9. h3 exd4 10. cxd4 Nb4 11. Nc3 Nxd3 12. Qxd3 Re8 13. d5 Bd7 14. Rfe1 c6 15.
dxc6 Bxc6 16. Bd4 Qa5 17. a3 Qh5 18. e5 dxe5 19. Nxe5 Re6 20. Nxc6 Rxc6 21.
Bxf6 Bxf6 22. Nd5 Qg5 23. Nxf6+ Qxf6 24. Re2 Rd8 25. Qb3 Rb6 26. Qc2 Rc6 27.
Qb3 Rb6 28. Qc2 Rc6 29. Qb3 1/2-1/2

[Event "Noisiel 5th op"]
[Site "Noisiel"]
[Date "2020.02.16"]
[Round "2"]
[White "Nikolov, Momchil"]
[Black "Macon, Arthur"]
[Result "1-0"]
[WhiteElo "2539"]
[BlackElo "2343"]
[PlyCount "63"]
[EventDate "2020.02.15"]
[EventType "swiss"]
[EventRounds "9"]
[EventCountry "FRA"]

1. d4 Nf6 2. c4 e6 3. Nc3 d5 4. cxd5 Nxd5 5. e4 Nxc3 6. bxc3 c5 7. Rb1 Be7 8.
Nf3 O-O 9. h4 cxd4 10. cxd4 Nc6 11. h5 b6 12. h6 g6 13. Bb5 Bb7 14. O-O Na5 15.
Qe2 Rc8 16. Bf4 Bd6 17. Qe3 Nc4 18. Bxc4 Rxc4 19. Rbc1 Rxc1 20. Rxc1 Qb8 21.
Bxd6 Qxd6 22. e5 Qe7 23. Nh2 Rc8 24. Rxc8+ Bxc8 25. Ng4 Qb4 26. Qc1 Ba6 27. Qc7
Qf8 28. d5 exd5 29. Nf6+ Kh8 30. e6 Qxh6 31. e7 Bb5 32. Qc8+ 1-0

[Event "Noisiel 5th op"]
[Site "Noisiel"]
[Date "2020.02.16"]
[Round "2"]
[White "Bonte, Andrei Mihai"]
[Black "Dimitrov, Radoslav"]
[Result "1-0"]
[WhiteElo "2302"]
[BlackElo "2519"]
[PlyCount "183"]
[EventDate "2020.02.15"]
[EventType "swiss"]
[EventRounds "9"]
[EventCountry "FRA"]

1. d4 Nf6 2. Nf3 c5 3. c3 d5 4. e3 cxd4 5. exd4 Qc7 6. Bd3 Nc6 7. h3 g6 8. O-O
Bf5 9. Be2 Bg7 10. Na3 O-O 11. Be3 a6 12. Qc1 Rac8 13. Bh6 Qb6 14. Bxg7 Kxg7
15. Re1 Rfe8 16. Bd1 e5 17. dxe5 Ne4 18. Re2 d4 19. g4 Nxe5 20. Nxe5 Rxe5 21.
Qf4 Qf6 22. cxd4 Rd5 23. Rxe4 Bxe4 24. Qxe4 Rxd4 25. Qxb7 Rcd8 26. Bb3 Rd2 27.
Rf1 R8d3 28. Nc4 Re2 29. Ne3 Qf4 30. Ng2 Qf6 31. g5 Qe7 32. Qxe7 Rxe7 33. Ne3
Rd2 34. Rd1 Rxb2 35. Rd6 a5 36. Ra6 Re5 37. h4 Re4 38. h5 Re5 39. h6+ Kf8 40.
Ra8+ Ke7 41. Ra7+ Ke8 42. Bxf7+ Kf8 43. Bb3 Rxg5+ 44. Kf1 Rh5 45. Rxh7 a4 46.
Bd5 Rb5 47. Rf7+ Ke8 48. Rf4 Rb1+ 49. Kg2 Rxh6 50. Rxa4 Kd7 51. Be4 Rb6 52.
Ra7+ Kd8 53. a4 Rh5 54. a5 Rb4 55. f3 Rg5+ 56. Kf2 Rb2+ 57. Kf1 Rc5 58. Kg1
Rg5+ 59. Ng4 Rc5 60. Nf2 Rc1+ 61. Kg2 Rd1 62. Rb7 Ra2 63. a6 Rdd2 64. a7 Rxf2+
65. Kg3 Rg2+ 66. Kh3 Rh2+ 67. Kg4 Rhg2+ 68. Kf4 g5+ 69. Ke5 g4 70. f4 Ra5+ 71.
Kf6 Re2 72. Rb8+ Kc7 73. a8=Q Rxa8 74. Rxa8 Rxe4 75. Kf5 Rb4 76. Kxg4 Kd7 77.
Kg5 Ke7 78. f5 Rb1 79. Ra7+ Kf8 80. Kg6 Rg1+ 81. Kf6 Ke8 82. Ra8+ Kd7 83. Kf7
Rf1 84. f6 Rf2 85. Kg7 Rg2+ 86. Kf8 Rh2 87. Ra7+ Kd6 88. f7 Rg2 89. Ke8 Re2+
90. Kd8 Rf2 91. Ra6+ Kd5 92. Ke7 1-0

[Event "Noisiel 5th op"]
[Site "Noisiel"]
[Date "2020.02.16"]
[Round "2"]
[White "Maiorov, Nikita"]
[Black "Degardin, Sylvain"]
[Result "1-0"]
[WhiteElo "2506"]
[BlackElo "2259"]
[PlyCount "99"]
[EventDate "2020.02.15"]
[EventType "swiss"]
[EventRounds "9"]
[EventCountry "FRA"]

1. d4 d5 2. c4 e6 3. Nf3 Nf6 4. e3 Be7 5. b3 O-O 6. Bd3 b6 7. O-O Bb7 8. Bb2
Nbd7 9. Nc3 c5 10. Qe2 cxd4 11. exd4 Qc7 12. Rfd1 Rfd8 13. Rac1 Qf4 14. Ne1 Nf8
15. g3 Qh6 16. c5 bxc5 17. Ba3 Rdc8 18. Na4 c4 19. Bxe7 cxd3 20. Nxd3 Ba6 21.
Rxc8 Rxc8 22. Nac5 Bxd3 23. Qxd3 Ng4 24. h4 Qg6 25. Qe2 h5 26. b4 Re8 27. Bxf8
Rxf8 28. a4 Re8 29. Qb5 f6 30. Qd7 Qf7 31. Qxf7+ Kxf7 32. b5 Nh6 33. a5 Rb8 34.
Rb1 Nf5 35. b6 axb6 36. axb6 Nd6 37. b7 e5 38. Ra1 Kg6 39. Ra8 Rxb7 40. Nxb7
Nxb7 41. dxe5 fxe5 42. Ra7 Nc5 43. Ra5 Ne6 44. Rxd5 Kf6 45. Kf1 Nf8 46. Ke2 Ne6
47. Ke3 Nf8 48. Ke4 Ng6 49. Rd6+ Kf7 50. Ra6 1-0

[Event "Noisiel 5th op"]
[Site "Noisiel"]
[Date "2020.02.16"]
[Round "2"]
[White "Parnali, S Dharia"]
[Black "Bailet, Pierre"]
[Result "1/2-1/2"]
[WhiteElo "2275"]
[BlackElo "2506"]
[PlyCount "79"]
[EventDate "2020.02.15"]
[EventType "swiss"]
[EventRounds "9"]
[EventCountry "FRA"]

1. d4 d5 2. c4 c6 3. Nc3 Nf6 4. Nf3 dxc4 5. a4 Bf5 6. e3 e6 7. Bxc4 Bb4 8. O-O
O-O 9. Qe2 Ne4 10. Nxe4 Bxe4 11. Ne5 Nd7 12. f3 Nxe5 13. fxe4 Nxc4 14. Qxc4 a5
15. b3 Qh4 16. Qc2 c5 17. Bb2 cxd4 18. exd4 Rac8 19. Qd3 Rfd8 20. Rf3 Rd7 21.
Raf1 Qd8 22. Rg3 Bd6 23. Rh3 Be5 24. Qb5 Bxd4+ 25. Bxd4 Rxd4 26. Qh5 h6 27.
Qxf7+ Kh8 28. Rg3 Rd7 29. Qxe6 Rd1 30. Rgf3 Rcc1 31. Qf5 Qb6+ 32. Kh1 Qxb3 33.
h3 Rxf1+ 34. Rxf1 Rxf1+ 35. Qxf1 Qxa4 36. Qf8+ Kh7 37. Qf5+ Kh8 38. Qc8+ Kh7
39. Qf5+ Kh8 40. Qc8+ 1/2-1/2

[Event "Noisiel 5th op"]
[Site "Noisiel"]
[Date "2020.02.16"]
[Round "2"]
[White "Enchev, Ivajlo"]
[Black "Moreby, James"]
[Result "1-0"]
[WhiteElo "2496"]
[BlackElo "2235"]
[PlyCount "57"]
[EventDate "2020.02.15"]
[EventType "swiss"]
[EventRounds "9"]
[EventCountry "FRA"]

1. d4 Nf6 2. c4 e6 3. Nf3 Bb4+ 4. Nbd2 b6 5. a3 Bxd2+ 6. Qxd2 Bb7 7. g3 O-O 8.
Bg2 d6 9. O-O Nbd7 10. b4 a5 11. b5 Qe7 12. Bb2 Rad8 13. Qc2 Ne4 14. Rad1 f5
15. d5 exd5 16. cxd5 Ndc5 17. Qc4 Qf7 18. Nh4 Rde8 19. f3 Nf6 20. Nxf5 Bxd5 21.
Qh4 Be6 22. Nd4 Bc4 23. Rfe1 Na4 24. Ba1 Nd5 25. e4 Ndc3 26. Rc1 Nxb5 27. Nf5
Re5 28. Bxe5 dxe5 29. Qg4 1-0

[Event "Noisiel 5th op"]
[Site "Noisiel"]
[Date "2020.02.16"]
[Round "2"]
[White "Shailesh, Dravid"]
[Black "Velten, Paul"]
[Result "1-0"]
[WhiteElo "2269"]
[BlackElo "2483"]
[PlyCount "121"]
[EventDate "2020.02.15"]
[EventType "swiss"]
[EventRounds "9"]
[EventCountry "FRA"]

1. e4 c6 2. d4 d5 3. Nd2 dxe4 4. Nxe4 Nf6 5. Nxf6+ exf6 6. c3 Bd6 7. Bd3 O-O 8.
Ne2 Re8 9. Be3 Nd7 10. Qc2 Nf8 11. O-O-O b5 12. d5 cxd5 13. Bxb5 Re5 14. Bc6
Bf5 15. Qa4 Rc8 16. Bxd5 Qe7 17. Rd2 Bc5 18. Bxc5 Rxc5 19. Qd1 Rb5 20. c4 Rb6
21. Nc3 Qb4 22. Qf3 h5 23. h3 Bg6 24. Rhd1 Rb8 25. Nb5 Qc5 26. Qc3 a6 27. Nd6
Rb6 28. Nb7 Qc7 29. Na5 Qc8 30. b4 Ne6 31. c5 Qxc5 32. Qxc5 Nxc5 33. a3 Ne4 34.
Bxe4 Rxe4 35. Rd6 Re6 36. Rxb6 Rxb6 37. Rd8+ Kh7 38. Kd2 Bf5 39. Nb3 Be6 40.
Nc5 Bc4 41. h4 g5 42. Rd4 Bf1 43. g3 Rc6 44. Ne4 Bg2 45. Nd6 Kg6 46. a4 gxh4
47. gxh4 f5 48. Nc4 f6 49. Nd6 f4 50. b5 axb5 51. axb5 Rc5 52. b6 Ra5 53. Kc3
Ra3+ 54. Kb4 Rf3 55. Ne4 Rh3 56. b7 Rh1 57. Kc5 Rc1+ 58. Rc4 Rb1 59. Rb4 Rxb4
60. Kxb4 Bxe4 61. b8=Q 1-0

[Event "Noisiel 5th op"]
[Site "Noisiel"]
[Date "2020.02.16"]
[Round "2"]
[White "Terrieux, Kevin"]
[Black "Mohite, Ranveer"]
[Result "1/2-1/2"]
[WhiteElo "2453"]
[BlackElo "2231"]
[PlyCount "159"]
[EventDate "2020.02.15"]
[EventType "swiss"]
[EventRounds "9"]
[EventCountry "FRA"]

1. d4 Nf6 2. Nf3 g6 3. Nbd2 d5 4. e3 Bg7 5. b4 O-O 6. c4 c6 7. Be2 a5 8. b5
dxc4 9. Bxc4 cxb5 10. Bxb5 Nc6 11. O-O Bf5 12. Qe2 Rc8 13. Bb2 Qb6 14. a4 Nb4
15. Rac1 Ne4 16. Nc4 Qd8 17. Ba3 Nd6 18. Nxd6 Qxd6 19. h3 Rxc1 20. Rxc1 Rc8 21.
Rxc8+ Bxc8 22. Nd2 Bf8 23. Qc4 Be6 24. Qc3 Nd5 25. Qb2 Qc7 26. Nc4 b6 27. Ne5
Qc3 28. Nc4 Qe1+ 29. Kh2 f5 30. Ne5 Qc3 31. Bc4 Qxb2 32. Bxb2 Bg7 33. Nc6 Kf8
34. Na7 Ke8 35. Bxd5 Bxd5 36. Nc8 Kd8 37. Nxb6 Bb3 38. Bc3 Kc7 39. Bxa5 Kc6 40.
Nc8 e6 41. Bb4 Bxa4 42. Bc5 Kc7 43. Nd6 e5 44. Nc4 exd4 45. Bxd4 Bf8 46. Kg3
Bb5 47. Be5+ Kd7 48. Nd2 Bc6 49. Nf3 Be7 50. Nd4 Bd5 51. h4 Bc5 52. Ne2 Ke6 53.
Bc7 Kf7 54. Nf4 Bc4 55. Be5 h6 56. Nh3 Be2 57. Bf4 Kg7 58. f3 Be7 59. Kf2 Bd3
60. g3 Bb4 61. Be5+ Kf7 62. Nf4 Bc4 63. Nh3 Be7 64. Bf4 Kg7 65. e4 fxe4 66.
fxe4 Be6 67. Be5+ Kf7 68. Nf4 Bc5+ 69. Kf3 Bb3 70. Nd3 Bd1+ 71. Kf4 Be7 72. Bc3
Ke6 73. Ke3 g5 74. hxg5 Bxg5+ 75. Kd4 h5 76. Be1 Bf6+ 77. Ke3 Bg5+ 78. Nf4+ Kf7
79. e5 Bxf4+ 80. gxf4 1/2-1/2

[Event "Noisiel 5th op"]
[Site "Noisiel"]
[Date "2020.02.16"]
[Round "2"]
[White "Bassini, Emile"]
[Black "Mohammad, Nubairshah Shaikh"]
[Result "0-1"]
[WhiteElo "2244"]
[BlackElo "2415"]
[PlyCount "160"]
[EventDate "2020.02.15"]
[EventType "swiss"]
[EventRounds "9"]
[EventCountry "FRA"]

1. e4 g6 2. d4 Bg7 3. Nc3 c6 4. Be3 d5 5. h3 Qb6 6. Qd2 dxe4 7. O-O-O Nf6 8.
Bc4 O-O 9. g4 Rd8 10. Na4 Qc7 11. Bf4 Qd7 12. Nc5 Qe8 13. Bc7 Rd5 14. Bxd5 cxd5
15. Kb1 Nc6 16. f3 b6 17. Nb3 Bb7 18. Rh2 Rc8 19. Be5 Nxe5 20. dxe5 Nd7 21. f4
g5 22. e6 fxe6 23. f5 exf5 24. Qxg5 f4 25. Qxf4 Qg6 26. Rf2 d4 27. Qf5 e3 28.
Re2 Qxf5 29. gxf5 Rc4 30. Nxd4 Rxd4 31. Rxd4 Bxd4 32. c3 Be4+ 33. Ka1 Bf6 34.
Rxe3 Bxf5 35. Ne2 Kf7 36. Nd4 Bxd4 37. cxd4 Nf6 38. b4 Nd5 39. Rf3 Ke6 40. a3
Nf6 41. Kb2 Be4 42. Re3 Kd7 43. Rg3 Bg6 44. Rf3 Kd6 45. Rc3 Bf5 46. h4 h5 47.
Rc1 Bg4 48. Re1 Nd5 49. Rf1 Nf6 50. Re1 a6 51. Rc1 Be6 52. Re1 b5 53. Re5 Bg4
54. Rg5 Kc6 55. Rc5+ Kd7 56. Rg5 Be6 57. Kc2 Bf7 58. Rg7 Ke8 59. Rg5 Ne4 60.
Re5 Nd6 61. Rg5 Nc4 62. Rg3 Be6 63. Kd3 Bf5+ 64. Kc3 Bg4 65. Rg1 e6 66. a4 Ne3
67. axb5 axb5 68. d5 Nxd5+ 69. Kd4 Nxb4 70. Kc5 Nd3+ 71. Kxb5 Ke7 72. Kc4 Ne5+
73. Kc5 Nf3 74. Rh1 Bf5 75. Rf1 Be4 76. Rf2 Bd5 77. Rb2 Kf6 78. Rb4 Ke5 79. Rb1
Nxh4 80. Re1+ Kf4 0-1

[Event "Noisiel 5th op"]
[Site "Noisiel"]
[Date "2020.02.16"]
[Round "2"]
[White "D'Cunha, Viani Antonio"]
[Black "Roebers, Jan"]
[Result "1/2-1/2"]
[WhiteElo "2403"]
[BlackElo "2188"]
[PlyCount "134"]
[EventDate "2020.02.15"]
[EventType "swiss"]
[EventRounds "9"]
[EventCountry "FRA"]

1. d4 Nf6 2. c4 g6 3. Nc3 Bg7 4. e4 d6 5. f3 O-O 6. Be3 c5 7. Nge2 Nc6 8. Qd2
Re8 9. O-O-O Na5 10. b3 cxd4 11. Nxd4 Bd7 12. h4 a6 13. Kb1 Nc6 14. g4 Qa5 15.
h5 b5 16. cxb5 Nxd4 17. Bxd4 e5 18. Be3 axb5 19. Nd5 Nxd5 20. Qxa5 Rxa5 21.
Rxd5 Rea8 22. Rh2 Bf8 23. hxg6 hxg6 24. Bg5 f5 25. gxf5 gxf5 26. Bh3 b4 27.
Rxa5 Rxa5 28. Bxf5 Bxf5 29. exf5 Ra7 30. Re2 Rf7 31. f6 Kh7 32. Re4 Kg6 33. Bh4
Rb7 34. Be1 Kxf6 35. Rxb4 Rh7 36. Rh4 Rxh4 37. Bxh4+ Kf5 38. Bg3 e4 39. fxe4+
Kxe4 40. Kc2 d5 41. a4 Bb4 42. Bc7 d4 43. Bb6 d3+ 44. Kd1 Kd5 45. Bf2 Kc6 46.
Be1 Be7 47. Kd2 Bb4+ 48. Kd1 Be7 49. Bc3 Kd5 50. Bd2 Kd4 51. Ke1 Ke4 52. Ba5
Kd4 53. Kd1 Ke4 54. Bb6 Bb4 55. Bf2 Kd5 56. Be3 Ke4 57. Bd2 Bd6 58. a5 Kd5 59.
a6 Kc6 60. Ba5 Bb8 61. Kd2 Kb5 62. Bc7 Ba7 63. Kxd3 Kxa6 64. Kc4 Kb7 65. Bd8
Bf2 66. b4 Be1 67. Be7 Bxb4 1/2-1/2

[Event "Noisiel 5th op"]
[Site "Noisiel"]
[Date "2020.02.16"]
[Round "2"]
[White "Jeet, Jain"]
[Black "Hansen, Mads"]
[Result "0-1"]
[WhiteElo "2223"]
[BlackElo "2394"]
[PlyCount "120"]
[EventDate "2020.02.15"]
[EventType "swiss"]
[EventRounds "9"]
[EventCountry "FRA"]

1. e4 e5 2. Nf3 Nc6 3. Bc4 Nf6 4. d3 Bc5 5. c3 d6 6. Bb3 h6 7. Nbd2 O-O 8. h3
a5 9. a4 Re8 10. Nf1 Be6 11. Bc2 d5 12. Qe2 d4 13. g4 Nh7 14. Ng3 Ra6 15. Nf5
Rb6 16. Kf1 Bf8 17. Kg2 Ng5 18. Nxg5 hxg5 19. h4 gxh4 20. Nxh4 Be7 21. Nf5 Bg5
22. Bxg5 Qxg5 23. Rh5 Qf4 24. Rah1 f6 25. g5 Bxf5 26. exf5 Kf7 27. g6+ Ke7 28.
Qd1 e4 29. R1h4 Qf3+ 30. Qxf3 exf3+ 31. Kg3 Rxb2 32. Bd1 dxc3 33. Rc4 Rd2 34.
Bb3 Kd6 35. Rxc3 Nd4 36. Bf7 Re5 37. Rc4 Rxd3 38. Rh8 Nxf5+ 39. Kf4 Kd7 40. Rg8
Ra3 41. Re4 Rxe4+ 42. Kxe4 Nd6+ 43. Kf4 Rxa4+ 44. Kxf3 Ke7 45. Rxg7 Ra3+ 46.
Ke2 Nf5 47. Rh7 b5 48. Bd5+ Kd6 49. Be4 Ne7 50. g7 Ra1 51. Bg2 Rg1 52. Kf3 Ke6
53. Rh5 c6 54. Rh3 Kf7 55. Rg3 a4 56. Ke2 Rc1 57. Be4 Rc5 58. f4 f5 59. Bb1 b4
60. Kd3 Rc3+ 0-1

[Event "Noisiel 5th op"]
[Site "Noisiel"]
[Date "2020.02.16"]
[Round "2"]
[White "Vinodh, Kumar B"]
[Black "Jonkman, Harmen"]
[Result "0-1"]
[WhiteElo "2034"]
[BlackElo "2385"]
[PlyCount "56"]
[EventDate "2020.02.15"]
[EventType "swiss"]
[EventRounds "9"]
[EventCountry "FRA"]

1. e4 e5 2. Nf3 Nc6 3. Bc4 Bc5 4. c3 Nf6 5. d3 d6 6. Nbd2 O-O 7. O-O a5 8. Bb3
Be6 9. Bc2 h6 10. a4 Ba7 11. h3 Ne7 12. Re1 Ng6 13. Nf1 Nh7 14. Ng3 Ng5 15. Nf5
Nf4 16. d4 Qf6 17. Bxf4 exf4 18. Qd3 g6 19. Nxh6+ Kg7 20. Ng4 Bxg4 21. hxg4
Rae8 22. Rad1 Rh8 23. e5 Nxf3+ 24. Qxf3 dxe5 25. Rxe5 Rxe5 26. dxe5 Qxe5 27.
Qe4 Qg5 28. Rd5 Rh1+ 0-1

[Event "Noisiel 5th op"]
[Site "Noisiel"]
[Date "2020.02.16"]
[Round "2"]
[White "Gatineau, Yovann"]
[Black "Mekhane, Adam"]
[Result "1-0"]
[WhiteElo "2381"]
[BlackElo "2021"]
[PlyCount "63"]
[EventDate "2020.02.15"]
[EventType "swiss"]
[EventRounds "9"]
[EventCountry "FRA"]

1. Nf3 Nf6 2. c4 g6 3. b3 Bg7 4. Bb2 O-O 5. g3 d6 6. Bg2 e5 7. O-O Nc6 8. d4
Qe8 9. dxe5 dxe5 10. Nc3 a5 11. Nd5 Nxd5 12. cxd5 Nb4 13. Nd2 Qe7 14. a3 Na6
15. Nc4 a4 16. b4 Rb8 17. Rc1 b6 18. Qc2 Bf5 19. Qc3 Rbe8 20. Rfd1 b5 21. Na5
Bd7 22. Nc6 Qd6 23. e4 f5 24. f4 Bxc6 25. dxc6 Qe6 26. Rd7 Re7 27. exf5 Qf6 28.
fxe5 Rxe5 29. Rxg7+ Qxg7 30. Qxe5 Qxe5 31. Bxe5 Rxf5 32. Bd5+ 1-0